000
00312nam a22001337a 4500
008
170905b xxu||||| |||| 00| 0 eng d
020
_a
9780205691265
041
_a
eng
080
_2
8 ED
_a
070
100
_a
40
101
_a
MED
245
_a
COMMUNICATION MAKING CONNECTIONS
_c
SEILER.W.J
942
_2
udc
_c
BK
999
_c
26086
_d
26086